Geography Country Quiz! Afghanistan - Statistics

General Stats
  • This quiz has been taken 11 times
  • The average score is 5 of 15
Answer Stats
Hint Answer % Correct
Capital and most largest city Kabul
90%
Border on the panhandle China
80%
Biggest border shared with Afghanistan Pakistan
70%
Country that borders Afghanistan on the northwest Turkmenistan
60%
Part of Asia Afghanistan is in Central Asia
40%
National animal symbol Snow Leopard
40%
The panhandle on the northeast Wakhan Corridor
30%
Plateau Afghanistan is in Iranian Plateau
20%
Highest mountain Noshaq
20%
Humidity Arid
10%
Biggest lake Band-e Amir
10%
Longest river Helmand River
10%
National flower Tulip
10%
City thats on the border of Uzbekistan andAfghanistan Dali
0%
Mountain that shares three bordersbetween Afghanistan, Tajikistan, and China Povalo-Sveikovski Peak
0%
No matching quizzes found
Score Distribution
Percent of People with Each Score
Percentile by Number Answered
Your Score History
You have not taken this quiz